000 01064aam a2200325 a 4500
001 001315062
003 AR-BaBN
005 20260311191956.0
008 140814s2013 ag gr 001 j spa
015 _aAR-2013
020 _a9789870427230
040 _aAR-BaBN
_bspa
_cAR-BaBN
_eaacr
044 _aag
_car-c
082 _221
_aA863 COR
100 1 _aCortázar, Julio.
_d1914-1984
_eautor
_4aut
245 1 3 _aUn tal Lucas /
_cJulio Cortázar.
250 _a2a ed.
260 _aBuenos Aires :
_bAlfaguara,
_c2013.
300 _a188 p. ;
_c21 cm.
490 1 _aBiblioteca Julio Cortázar
655 4 _aCuento
929 1 _aDONACION
_bMINISTERIO DE EDUCACIÓN DE LA NACIÓN
_c0
_d0
_e2017
_fPAT 0084962
_h1
_j62931
930 1 _lBNA01
_mLIBRO
_600960171
_820140814
_f11
_g25868
_s03
_n001
_o001315062
942 _2ddc
_n0
_cLIB
956 _aEPASTRANA
_b00
_c20140814
_lBNA01
_h1325
956 _aEPASTRANA
_b00
_c20140814
_lBNA01
_h1325
956 _aKRODRIGUEZ
_b20
_c20150720
_lBNA01
_h1327
956 _aFORTIZ
_b20
_c20170712
_lBNA01
_h1139
999 _c1468
_d1468